Normal view
MARC view
- Business Management
Entry Topical Term
001 - CONTROL NUMBER
- control field: 73478
003 - CONTROL NUMBER IDENTIFIER
- control field: OSt
005 - DATE AND TIME OF LATEST TRANSACTION
- control field: 20220806112533.0
008 - FIXED-LENGTH DATA ELEMENTS
- fixed length control field: 220806|| aca||aabn | a|a d
040 ## - CATALOGING SOURCE
- Original cataloging agency: OSt
- Transcribing agency: OSt
150 ## - HEADING--TOPICAL TERM
- Topical term or geographic name entry element: Business Management
670 ## - SOURCE DATA FOUND
- Source citation: Work cat.: (OSt)40968: गवळी, एस. एन. आणि इतर 73477, व्यवसाय व्यवस्थापन, 2014